| 000 | 00000nas 2200000zi 4500 |
| 001 | 9.941842 |
| 003 | CaOODSP |
| 005 | 20250428164038 |
| 006 | m o d f |
| 007 | cr ||||||||||| |
| 008 | 240814u1972uuuuonc|x m ot f0###|0eng|d |
| 022 | |y0319-9835 |
| 040 | |aCaOODSP|beng|erda|cCaOODSP |
| 043 | |an-cn--- |
| 086 | 1 |aDR52-19E-PDF |
| 130 | 0 |aDCIEM report. |
| 245 | 10|aDCIEM report. |
| 246 | 1 |aDefence and Civil Institute of Environmental Medicine report |
| 246 | 1 |iMost issues for 1983- have title: |aDCIEM |
| 246 | 1 |aDCIEM research report |f1987 |
| 264 | 1|aDownsview, Ontario : |bDefence and Civil Institute of Environmental Medicine : |bDefence Research Board - Department of National Defence |
| 310 | |aIrregular |
| 336 | |atext|btxt|2rdacontent |
| 337 | |acomputer|bc|2rdamedia |
| 338 | |aonline resource|bcr|2rdacarrier |
| 515 | |aSome issues published out of chronological order. |
| 588 | 1 |aDescription based on: no. 814 (September 1972); title from PDF title page. |
| 588 | 1 |aLatest issue consulted: no. 96-R-12 (February 1996). |
| 650 | 0|aBiomedical engineering|xResearch|zCanada. |
| 650 | 0|aMilitary research|zCanada. |
| 650 | 6|aGénie biomédical|xRecherche|zCanada. |
| 650 | 6|aRecherche militaire|zCanada. |
| 710 | 2 |aDefence and Civil Institute of Environmental Medicine (Canada), |eissuing body. |
| 710 | 1 |aCanada. |bDefence Research Board, |eissuing body. |
| 710 | 1 |aCanada. |bDepartment of National Defence, |eissuing body. |